Kraje, w których używa się dolara – nagła śmierć - Statistics

General Stats
  • This quiz has been taken 22 times
  • The average score is 3 of 15
Answers on the Grid
Answers color-coded by a green-red scale on the quiz's grid according to % correct below.
Singapur
Panama
Liberia
Trynidad i Tobago
Republika Południowej Afryki
Turcja
Australia
Brunei
Jamajka
Bahamy
Sri Lanka
Nikaragua
Namibia
Malta
Gujana
Surinam
Nigeria
Nowa Zelandia
Papua-Nowa Gwinea
Syria
Cypr
Belize
Islandia
Brazylia
Tajwan
Uganda
Haiti
Mikronezja
Filipiny
Kanada
 
Answer Stats
Answer % Correct
Nowa Zelandia
58%
Kanada
50%
Singapur
50%
Australia
42%
Bahamy
17%
Belize
17%
Tajwan
17%
Trynidad i Tobago
17%
Jamajka
8%
Liberia
8%
Mikronezja
8%
Brunei
0%
Gujana
0%
Namibia
0%
Surinam
0%
No matching quizzes found
Score Distribution
Percent of People with Each Score
Percentile by Number Answered
Your Score History
You have not taken this quiz